Представление документа в формате RUSMARC

ПолеНазваниеЗначение
  Тип записи a
  Библиографический уровень m
001 Контрольный номер 2806bc416f364b43b38acee0e4e7d82c
005 Дата корректировки 20140624145255.0
010 Индекс ISBN __
a ISBN 5-8018-0248-7
200 Заглавие и сведения об ответственности 1_
a Заглавие Правила внутреннего трудового распорядка организации
f Первые сведения об ответственности Гейц, Игорь Викторович
210 Выходные данные 1_
a Место издания М.
c Издательство ДИС
d Дата издания 2004
215 Физическое описание __
a Объем 256 с.
225 Серия 2_
a Серия Б-ка журн."Заработная плата.Расчеты.Учет.налоги";вып.8
300 Общие примечания __
a Общие примечания 2экз.
610 Ключевые слова 0_
a Ключевые слова внутренний трудовой распорядок
610 Ключевые слова 0_
a Ключевые слова Правила внутреннего трудового распорядка
610 Ключевые слова 0_
a Ключевые слова рабочее время
610 Ключевые слова 0_
a Ключевые слова трудовые правоотношения
610 Ключевые слова 0_
a Ключевые слова трудовой договор
610 Ключевые слова 0_
a Ключевые слова трудовые конфликты
610 Ключевые слова 0_
a Ключевые слова режим рабочего времени
610 Ключевые слова 0_
a Ключевые слова отпуска
610 Ключевые слова 0_
a Ключевые слова трудовой кодекс
610 Ключевые слова 0_
a Ключевые слова выходные дни
610 Ключевые слова 0_
a Ключевые слова прием и увольнение
610 Ключевые слова 0_
a Ключевые слова трудовое законодательство РФ
610 Ключевые слова 0_
a Ключевые слова организации
610 Ключевые слова 0_
a Ключевые слова дисциплинарная ответственность
610 Ключевые слова 0_
a Ключевые слова административная ответственность
686 Индексы других классификаций __
a Классификационный индекс 67.627.5
2 Код системы rubbk
686 Индексы других классификаций __
a Классификационный индекс 65.9(2)245
2 Код системы rubbk
700 Автор _1
a Фамилия Гейц, Игорь Викторович
801 Источник записи _0
a Страна RU
b Организация РУК
c Дата составления 20050621
g Правила каталогизации PSBO
801 Источник записи _1
a Страна RU
b Организация РУК
c Дата составления 20050621
g Правила каталогизации PSBO
852 Данные о местонахождении __
i Авторский знак Г 29
j Шифр хранения ББК 67
901 Тип документа __
t Тип документа m
938 Служебная информация __
a Название организации Головной вуз
b Имя БД BOOK
c Название АИБС АИБС ИРБИС